| 000 | 004510000a22001810004500 | ||
|---|---|---|---|
| 003 | MACL | ||
| 005 | 20151230165918.0 | ||
| 008 | 151230b xxu||||| |||| 00| 0 eng d | ||
| 040 |
_aMACL _cMACL |
||
| 041 | _aEnglish | ||
| 082 | _a294.03/BUC | ||
| 100 |
_aBuck, C H _925266 |
||
| 245 | _aFaithas Fairs & Festivals of india | ||
| 260 |
_bAsian Publishers _c1977 _aIndia |
||
| 350 | _a60 | ||
| 650 |
_aReligion _925267 |
||
| 942 |
_cBK _k294/031/Buck _2ddc |
||
| 999 |
_c34236 _d34236 |
||